Differential und Integralrechnung
Αποθηκεύτηκε σε:
| Κύριος συγγραφέας: | |
|---|---|
| Μορφή: | Βιβλίο |
| Γλώσσα: | German |
| Δημοσίευση: |
Mannheim :
Bibliographisches Institut,
c1962
|
| Σειρά: | B.I.-Hochschultaschenbucher ;
; 30/30a ; 31/31a |
| Θέματα: | |
| Ετικέτες: |
Προσθήκη ετικέτας
Δεν υπάρχουν, Καταχωρήστε ετικέτα πρώτοι!
|
MARC
| LEADER | 00000cam a2200000 i 4500 | ||
|---|---|---|---|
| 001 | 1/103616 | ||
| 008 | 090401s1962 ger d | ||
| 035 | |l 10104120 | ||
| 040 | |a GR-MY-UA |b gre |e aacr | ||
| 041 | 0 | |a ger | |
| 082 | 0 | |a 515.33 |2 (22) | |
| 100 | 1 | |a Erwe, Friedhelm. | |
| 245 | 1 | 0 | |a Differential und Integralrechnung / |c Friedhelm Erwe |
| 260 | |a Mannheim : |b Bibliographisches Institut, |c c1962 | ||
| 300 | |a 2 τ.; |c 19 εκ. | ||
| 490 | 1 | |a B.I.-Hochschultaschenbucher |v ; 30/30a |v ; 31/31a | |
| 504 | |a Περιέχουν ευρετήριο | ||
| 505 | 0 | |a Τ.1 Elemente der Infinitesimalrechnung Differentialrechnung -- τ.2 Integralrechnung | |
| 650 | 0 | 0 | |a Differential calculus. |
| 650 | 0 | 0 | |a Calculus, Integral. |
| 650 | 0 | 0 | |a Mathematical analysis. |
| 740 | 0 | 2 | |a Elemente der Infinitesimalrechnung Differentialrechnung |
| 740 | 0 | 2 | |a Integralrechnung |
| 830 | 0 | |a B.I.-Hochschultaschenbucher ; |v ; 30/30a |v ; 31/31a | |
| 852 | |a INST |b SAMOS |c MAG |e 20090401 |h 515.33 ERW |p 005300029003 |q 005300029003 |t BK |y 0 | ||
| 852 | |a INST |b SAMOS |c MAG |e 20090401 |h 515.33 ERW |p 005300029004 |q 005300029004 |t BK |y 0 | ||
| 901 | |a BIBL3-2009-1 | ||
| 909 | |a Σ |b 155976 | ||
| 909 | |a Σ |b 155975 | ||
| 970 | |a ΡΟΥΣΣΟΥ |b ΚΩΝΣΤΑΝΤΙΝΑ |z 2009/04/01 | ||